000 00367nam a2200169Ia 4500
100 _aGhaly/Ragae/ Kothapalli/K
650 _aJava
942 _cBK
366 _f15
654 _aEJB
245 _aTeach yourself EJB in 21 days
260 _bPearson Education
_aMumbai
_c2003
082 _a005.133J/GHA
_bGHA
300 _a614
546 _aENGLISH
999 _c28143
_d28143